Χώρες με τη Μεγαλύτερη Έκταση Πάγου - Statistics

General Stats
  • This quiz has been taken 47 times
  • The average score is 12 of 20
Answer Stats
τετρ.χλμ. Χώρα % Correct
183.144 Καναδάς
100%
53.094 Ρωσία
100%
35.328 Νορβηγία
94%
11.025 Ισλανδία
94%
65.365 Ηνωμένες Πολιτείες
91%
62.856 Κίνα
86%
1.135 Καζακστάν
80%
27.963 Χιλή
66%
976 Ελβετία
63%
6.856 Αργεντινή
60%
4.884 Νεπάλ
60%
7.833 Ινδία
46%
2.109 Πακιστάν
46%
3.176 Αφγανιστάν
43%
1.085 Νέα Ζηλανδία
43%
3.001 Περού
40%
6.093 Κιργιζία
34%
10.852 Τατζικιστάν
31%
1.048 Μπουτάν
29%
859 Βολιβία
23%
No matching quizzes found
Score Distribution
Percent of People with Each Score
Percentile by Number Answered
Your Score History
You have not taken this quiz